Performance evaluation of the sewage treatment process (Record no. 53346)

MARC details
000 -LEADER
fixed length control field 00478nam a2200133 a 4500
008 - FIXED-LENGTH DATA ELEMENTS--GENERAL INFORMATION
fixed length control field 120416s9999 ||||||||||||||||| || u
050 ## - LIBRARY OF CONGRESS CALL NUMBER
Classification number THESIS
100 ## - MAIN ENTRY--PERSONAL NAME
Personal name Mwanza, Peter Tackson
245 10 - TITLE STATEMENT
Title Performance evaluation of the sewage treatment process
246 ## - VARYING FORM OF TITLE
Title proper/short title a case of Nkana Water and Sewerage Company
260 ## - PUBLICATION, DISTRIBUTION, ETC.
Place of publication, distribution, etc. 2002
350 ## - PRICE (NR) (BK AM CF MU VM SE) [OBSOLETE]
Price 0.00
995 ## - RECOMMENDATION 995 [LOCAL, UNIMARC FRANCE]
-- 0.00
-- CBU-MAIN LIBRARY (Kitwe)
-- 1
-- 0.00
-- AVAILABLE
-- University Collection
Holdings
Withdrawn status Lost status Source of classification or shelving scheme Damaged status Not for loan Home library Current library Shelving location Date acquired Total Checkouts Full call number Barcode Date last seen Price effective from Koha item type
          CBU-MAIN LIBRARY, KITWE. CBU-MAIN LIBRARY, KITWE.   11/30/2022   THESIS 9017546 11/30/2022 11/30/2022 MONOGRAPH